000 00388cam a2200157ua 4500
041 _aeng
_h
082 _a828.09
_bVYV/SH
100 _aVyvyan, John .
245 _aShakespeare and platonic beauty /
_cJohn Vyvyan.
_hTextual Documents
250 _a1 /
_b.
260 _aLondon :
_bChatto and Windus ,
_c1961.
300 _a223 ; .
504 _a
942 _cBK
999 _c8675
_d8675